00290nam a2200121Ia 4500003000400000005001700004008004100021020001800062040002000080100001500100245002800115260002500143OSt20231214050703.0170524s9999 xx 000 0 und d a9788183562911 cIIMT UNIVERSITY aDASH- AJAY 0aSTING OPERATION AND LAW bNEW DELHI: DISCOVERY